The discovery of grounded theory : strategies for qualitative research
Αποθηκεύτηκε σε:
| Κύριος συγγραφέας: | |
|---|---|
| Άλλοι συγγραφείς: | |
| Μορφή: | Βιβλίο |
| Γλώσσα: | English |
| Δημοσίευση: |
New York :
Aldine de Gruyter,
1967.
|
| Θέματα: | |
| Ετικέτες: |
Προσθήκη ετικέτας
Δεν υπάρχουν, Καταχωρήστε ετικέτα πρώτοι!
|
MARC
| LEADER | 00000cam a2200000 i 4500 | ||
|---|---|---|---|
| 001 | 1/1199 | ||
| 008 | 950707s1967 nyu| ||| |||| ||eng|| | ||
| 020 | |a 0202302601 | ||
| 035 | |l 10014351 | ||
| 040 | |a GR-MyUa |b gre |e AACR2 | ||
| 041 | 0 | |a eng | |
| 082 | 7 | |a 301.018 |2 (22) | |
| 100 | 1 | |a Glaser, Barney G. | |
| 245 | 1 | 4 | |a The discovery of grounded theory : |b strategies for qualitative research / |c Barney G. Claser, Anselm L. Strauss. |
| 260 | |a New York : |b Aldine de Gruyter, |c 1967. | ||
| 300 | |a 271 σ. ; |c 22 εκ. | ||
| 500 | |a Περιλαμβάνει ευρετήριο. | ||
| 650 | 0 | 0 | |a Grounded theory. |
| 650 | 0 | 0 | |a Sociology |x Research. |
| 650 | 0 | 0 | |a Sociology. |
| 700 | 1 | |a Strauss, Anselm L. | |
| 852 | |a INST |b LESVOS |e 19950707 |h 301.018 GLA |p 005100007890 |q 005100007890 |t BK |y 0 | ||
| 922 | |a 1ΕΛΗ |b 199304 |c ΠΠ/2162 | ||